Statystyki dla Wybrane stolicę Europy

Kliknij tutaj aby rozwiązać quiz!

Ogólne statystyki

  • Ten quiz został rozwiązany 21 razy
  • Średni wynik to 10 z 14

Statystyki odpowiedzi

IdPaństwoStolica% Poprawnych
fr-cFrancjaParyż
95%
it-cWłochyRzym
95%
pl-cPolskaWarszawa
95%
hr-cChorwacjaZagrzeb
95%
es-cHiszpaniaMadryt
89%
ie-cIrlandiaDublin
79%
lv-cŁotwaRyga
79%
is-cIslandiaReykjavik
68%
ba-cBośnia i HercegowinaSarajewo
68%
md-cMołdawiaKiszyniów
58%
li-cLiechtensteinVaduz
58%
mt-cMaltaValletta
58%
me-cCzarnogóraPodgorica
53%
cy-cCyprNikozja
47%

Rozkład punktacji

Percentyl według liczby udzielonych odpowiedzi

Procent ludzi z każdym wynikiem

Twoja historia wyników

Nie rozwiązałeś tego quizu